000
00316nam a22001337a 4500
008
170608b xxu||||| |||| 00| 0 eng d
020
_a
2900135766797
041
_a
eng
080
_a
94
100
_a
18
101
_a
SHH
245
_a
THE GILDED AGE OF, THE HAZARD OF NEW FUNCTIONS
_c
SUMMERS,M.W
942
_2
udc
_c
BK
999
_c
16367
_d
16367